Neuroanatomy: (Record no. 1154)

MARC details
000 -LEADER
fixed length control field 00553nam a22002057a 4500
003 - CONTROL NUMBER IDENTIFIER
control field OSt
005 - DATE AND TIME OF LATEST TRANSACTION
control field 20230508152953.0
008 - FIXED-LENGTH DATA ELEMENTS--GENERAL INFORMATION
fixed length control field 150304b xxu||||| |||| 00| 0 eng d
020 ## - INTERNATIONAL STANDARD BOOK NUMBER
International Standard Book Number 0443062161
040 ## - CATALOGING SOURCE
Transcribing agency DNLM
082 ## - DEWEY DECIMAL CLASSIFICATION NUMBER
Classification number WL101 C87n 2000
100 ## - MAIN ENTRY--PERSONAL NAME
Personal name Crossman, A. R.; Neary, D.
9 (RLIN) 3159
245 ## - TITLE STATEMENT
Title Neuroanatomy:
Statement of responsibility, etc. An illustrated colour text
250 ## - EDITION STATEMENT
Edition statement 2nd ed.
260 ## - PUBLICATION, DISTRIBUTION, ETC. (IMPRINT)
Place of publication, distribution, etc. London;
Name of publisher, distributor, etc. Churchill Livingstone,
Date of publication, distribution, etc. 2000.
300 ## - PHYSICAL DESCRIPTION
Extent ix,189 p:
Other physical details col.ill;
Dimensions 29 cm.
504 ## - BIBLIOGRAPHY, ETC. NOTE
Bibliography, etc Includes Index
650 ## - SUBJECT ADDED ENTRY--TOPICAL TERM
Topical term or geographic name as entry element Neuroanatomy
9 (RLIN) 3160
942 ## - ADDED ENTRY ELEMENTS (KOHA)
Source of classification or shelving scheme Other/Generic Classification Scheme
Koha item type Short Loan
Holdings
Withdrawn status Lost status Source of classification or shelving scheme Damaged status Not for loan Home library Current library Date acquired Source of acquisition Inventory number Total Checkouts Full call number Barcode Date last seen Koha item type Date last checked out
    Other/Generic Classification Scheme     MUST Main Library MUST Main Library 04/03/2015 Donation 04/21662   WL 101 C87n 2000 2015-0467 04/03/2015 Short Loan  
    Other/Generic Classification Scheme     MUST Main Library MUST Main Library 04/03/2015 Donation 04/21663   WL 101 C87n 2000 2015-0468 04/03/2015 Short Loan  
    Other/Generic Classification Scheme     MUST Main Library MUST Main Library 22/09/2016   07/28543 1 WL 101 C87n 2000 2016-4491 25/11/2019 Open Shelf 15/10/2019